Please mind the gap (Record no. 79714)

MARC details
000 -LEADER
fixed length control field 01282cab a22002295a 4500
001 - CONTROL NUMBER
control field L142049
008 - FIXED-LENGTH DATA ELEMENTS--GENERAL INFORMATION
fixed length control field 080122e20080119xxk f 000 0 eng d
035 ## - SYSTEM CONTROL NUMBER
System control number (Sirsi) u142049
041 0# - LANGUAGE CODE
Language code of text/sound track or separate title eng
100 1# - MAIN ENTRY--PERSONAL NAME
Personal name Chowings, Julia
245 00 - TITLE STATEMENT
Title Please mind the gap
260 ## - PUBLICATION, DISTRIBUTION, ETC.
Date of publication, distribution, etc. 2008
490 ## - SERIES STATEMENT
Series statement Estates Gazette
Volume/sequential designation (0802) 19 January 2008, 142-143(2)
520 ## - SUMMARY, ETC.
Summary, etc. Argues that due to shortcomings, planning reforms introduced in 2004 have not had the desired effect. Offers practical suggestions to overcome the problem caused by this. Most local planning authorities (LPAs) have failed to prepare and adopt policies driven by the system of local development frameworks, a target which should have been met before October 2007. The required fundamental shift in thinking has not been embraced by LPAs or developers, with many unwilling to learn from their own mistakes under the new system. Complications with regional spatial strategies, lack of resources and other concerns have led to a policy gap.
590 ## - LOCAL NOTE (RLIN)
Local note KA
650 24 - SUBJECT ADDED ENTRY--TOPICAL TERM
Topical term or geographic name entry element PLANNING AND COMPULSORY PURCHASE ACT 2004
650 24 - SUBJECT ADDED ENTRY--TOPICAL TERM
Topical term or geographic name entry element PLANNING WHITE PAPER 2007
651 #4 - SUBJECT ADDED ENTRY--GEOGRAPHIC NAME
Geographic name United Kingdom
Chronological subdivision
690 ## - LOCAL SUBJECT ADDED ENTRY--TOPICAL TERM (OCLC, RLIN)
Topical term or geographic name as entry element ENVIRONMENTAL AND LAND CONSULTANCY-PLANNING AND DEVELOPMENT-PLANNING REFORM
700 1# - ADDED ENTRY--PERSONAL NAME
Personal name Schutz, Megan
942 ## - ADDED ENTRY ELEMENTS (KOHA)
Suppress in OPAC 0
Holdings
Withdrawn status Lost status Source of classification or shelving scheme Damaged status Not for loan Home library Current library Shelving location Date acquired Total Checkouts Full call number Barcode Date last seen Copy number Price effective from Koha item type
    Dewey Decimal Classification     London London Journal article 22/01/2008   L142049 142049-1001 06/08/2019 1 06/08/2019 Journal article